Jawaharlal Nehru : (Record no. 133754)
[ view plain ]
| 000 -LEADER | |
|---|---|
| fixed length control field | 00727nam a22002297a 4500 |
| 005 - DATE AND TIME OF LATEST TRANSACTION | |
| control field | 20170124110214.0 |
| 010 ## - LIBRARY OF CONGRESS CONTROL NUMBER | |
| LC control number | A-948943 |
| 020 ## - INTERNATIONAL STANDARD BOOK NUMBER | |
| Terms of availability | 195.00 |
| International Standard Book Number | 0195645863 |
| 035 ## - SYSTEM CONTROL NUMBER | |
| System control number | A-948943 |
| 037 ## - SOURCE OF ACQUISITION | |
| Source of stock number/acquisition | Cen Lib/Ret |
| 040 ## - CATALOGING SOURCE | |
| Original cataloging agency | DPL |
| Language of cataloging | EN |
| 082 ## - DEWEY DECIMAL CLASSIFICATION NUMBER | |
| Classification number | 921 |
| Item number | NAN |
| 100 ## - MAIN ENTRY--PERSONAL NAME | |
| Personal name | Nanda, B. R. |
| 9 (RLIN) | 4766 |
| 245 ## - TITLE STATEMENT | |
| Title | Jawaharlal Nehru : |
| Statement of responsibility, etc | by B.R.Nanda |
| Remainder of title | rebel and statesman / |
| 260 ## - PUBLICATION, DISTRIBUTION, ETC. (IMPRINT) | |
| Place of publication, distribution, etc | New Delhi |
| Name of publisher, distributor, etc | Oxford University Press |
| Date of publication, distribution, etc | 1995 |
| 270 ## - ADDRESS | |
| Address | YMCA Library Building, Jai Singh Road |
| City | New Delhi |
| Postal code | 110001 |
| 300 ## - PHYSICAL DESCRIPTION | |
| Extent | 312p. : |
| Dimensions | 21cm(pbk) |
| Other physical details | ill. |
| 500 ## - GENERAL NOTE | |
| General note | Includes index |
| 650 ## - SUBJECT ADDED ENTRY--TOPICAL TERM | |
| Topical term or geographic name as entry element | Nehru, Jawaharlal, -- (1889-1964) |
| 9 (RLIN) | 93044 |
| 650 ## - SUBJECT ADDED ENTRY--TOPICAL TERM | |
| Topical term or geographic name as entry element | Prime ministers -- Biography. |
| 9 (RLIN) | 23797 |
| 942 ## - ADDED ENTRY ELEMENTS (KOHA) | |
| Source of classification or shelving scheme | Dewey Decimal Classification |
| Koha item type | English Books |
| Classification part | 921 |
| Call number suffix | NAN |
| Withdrawn status | Lost status | Damaged status | Not for loan | Collection code | Home library | Current library | Date acquired | Source of acquisition | Cost, normal purchase price | Total Checkouts | Full call number | Barcode | Date last seen | Copy number | Cost, replacement price | Price effective from | Koha item type |
|---|---|---|---|---|---|---|---|---|---|---|---|---|---|---|---|---|---|
| Not For Loan | Reference | Central Library | Central Library | 27/07/2015 | Cen Lib/Ret | 195.00 | 921 NAN | A-948943 | 27/07/2015 | 1 | 195.00 | 15/09/2016 | English Books |
